000 00300nam a22001337a 4500
008 170315b xxu||||| |||| 00| 0 eng d
020 _a27363
041 _aeng
080 _24TH
_a611
100 _a7
101 _aSHM
245 _aESSENTIALS OF ANATOMY & PHYSIOLOGY
_cMARTINI, F.H
942 _2udc
_cBK
999 _c7917
_d7917